Indian state's and UT's most spoken languages - Statistics

General Stats
  • This quiz has been taken 97 times
    29 since last reset
  • The average score is 67 of 108
Answer Stats
States/UTs Languages % Correct
| Chandigarh | Haryana | +4 others Hindi
100%
| Pudhucherry | Tamil Naadu Tamil
100%
| Andaman & Nicobar | Tripura | West Bengal Bengali
96%
Karnataka Kannada
93%
| Kerala | Lakshadweep Malayalam
93%
Mara
93%
| Maharashtra Marathi
89%
| Andhra Pradesh | Telangana Telugu
89%
| Sikkim Nepali
85%
Odisha Odia
85%
| Punjab Punjabi
85%
Urdu
85%
Assam Assamese
81%
Dadra, Nagar Haveli & Daman, Diu | Gujarat Gujarati
81%
Goa Konkani
78%
| Bihar Bhojpuri
74%
Jammu & Kashmir Kashmiri
74%
Manipur Manipuri
67%
Rajasthan Rajasthani
59%
Tulu
56%
Mizoram Mizo
52%
Maithili
48%
Sikkimese
48%
Haryanvi
44%
Ladakh Ladakhi
44%
Chhattisgarh Chhattisgarhi
41%
Dogri
41%
marwari
33%
Bodo
30%
Santali
30%
Meghalaya Khasi
26%
Tripuri
22%
Garo
19%
Himachal Pradesh Himachali
19%
Dhivehi
15%
Pnar
15%
Kumaoni
11%
Lambadi
11%
Arunachal Pradesh Nyishi
11%
Ao
7%
Bundeli
7%
Chakma
7%
Garhwali
7%
Jharkhand Khortha
7%
Kui
7%
Limbu
7%
Malvi
7%
Thadou
7%
gujri
4%
Nagaland Konyak
4%
Purgi
4%
Tangkhul
4%
Adi
0%
Bagri
0%
Kangri
0%
Lotha
0%
Surgujia
0%
Varli
0%
No matching quizzes found
Score Distribution
Percent of People with Each Score
Percentile by Number Answered
Your Score History
You have not taken this quiz since the last reset